000 00588nam a2200193 a 4500
005 20251205063950.0
008 991125s1986 mx 000 0 spa u
035 _aUPN01000005471
049 _aF
050 4 _aLB1025
_bD5 no.38
245 0 0 _aBases y criterios para el currículum /
_ccomp. G. Hass.
260 _aMéxico :
_bUniversidad Iberoamericana, Centro de Didáctica,
_c1986.
300 _a5 p.
440 0 _aDIDAC.
_pBoletín ;
_v38
650 4 _aEducación
_vPlanes y programas
_96413
650 4 _aEnseñanza
_vColecciones
_921467
700 1 _aHass, G.,
_ecomp.
905 _aLibro
999 _c5471
_d5471